00301nam a2200121Ia 4500008004100000082001500041100001500056245004000071250000800111260003700119300000800156650001500164191201s2012 xx 000 0 und d a681.2bKUM aKUMAR, D S 0aMechanical Measurements and Control aRev aN.DelhibMetropolitan Bookc2012 a772 aB.Tech(ME)